000 00324nam a22001337a 4500
008 170324b xxu||||| |||| 00| 0 eng d
020 _a9780072506198
041 _aeng
080 _a615.2
100 _a8
101 _aSHM
245 _aMEASUREMENT IN PHYSICAL EDUCATION AND EXERCISE SCIENCE
_cSAFRIT, M.J
942 _2udc
_cBK
999 _c8599
_d8599